Elsevier's dictionary of nclear science and technology: in six languages. (2nd rev. ed.) (Record no. 41710)
[ view plain ]
| 000 -LEADER | |
|---|---|
| fixed length control field | 00664nam a2200181 a 4500 |
| 008 - FIXED-LENGTH DATA ELEMENTS--GENERAL INFORMATION | |
| fixed length control field | 120416s1970 ||||||||||||||||| || u |
| 020 ## - INTERNATIONAL STANDARD BOOK NUMBER | |
| International Standard Book Number | 044440810X |
| 050 ## - LIBRARY OF CONGRESS CALL NUMBER | |
| Classification number | TK 9009 Els |
| 100 ## - MAIN ENTRY--PERSONAL NAME | |
| Personal name | Clason, W. E |
| 245 10 - TITLE STATEMENT | |
| Title | Elsevier's dictionary of nclear science and technology: in six languages. (2nd rev. ed.) |
| Statement of responsibility, etc. | compiled by W. E. Clason |
| 250 ## - EDITION STATEMENT | |
| Edition statement | 2nd rev. e |
| 260 ## - PUBLICATION, DISTRIBUTION, ETC. | |
| Place of publication, distribution, etc. | Amsterdam |
| Name of publisher, distributor, etc. | Elsevier Pub |
| Date of publication, distribution, etc. | 1970 |
| 300 ## - PHYSICAL DESCRIPTION | |
| Extent | 787p. |
| 350 ## - PRICE (NR) (BK AM CF MU VM SE) [OBSOLETE] | |
| Price | 0.00 |
| 650 #7 - SUBJECT ADDED ENTRY--TOPICAL TERM | |
| Topical term or geographic name entry element | SCIENCE |
| Source of heading or term | fast |
| 650 ## - SUBJECT ADDED ENTRY--TOPICAL TERM | |
| Topical term or geographic name entry element | NUCLEAR PHYSICS--DICTIONARIES--POLYGLOT |
| 995 ## - RECOMMENDATION 995 [LOCAL, UNIMARC FRANCE] | |
| -- | 0.00 |
| -- | CBU-MAIN LIBRARY (Kitwe) |
| -- | 1 |
| -- | 45.00 |
| -- | 1 |
| -- | REFERENCE |
| -- | Reference Collection |
| Withdrawn status | Lost status | Source of classification or shelving scheme | Damaged status | Not for loan | Home library | Current library | Shelving location | Date acquired | Total Checkouts | Full call number | Barcode | Date last seen | Price effective from | Koha item type |
|---|---|---|---|---|---|---|---|---|---|---|---|---|---|---|
| CBU-MAIN LIBRARY, KITWE. | CBU-MAIN LIBRARY, KITWE. | 11/30/2022 | TK 9009 Els | 023399 | 11/30/2022 | 11/30/2022 | MONOGRAPH |